000 00367nam a2200145Ia 4500
008 231129s2000||||xx |||||||||||||| ||spa||
020 _a84-376-0457-5
040 _bspa
082 _aA863 C827a
100 _aCortázar Julio
245 0 _aRayuela
260 _c2000
264 _aMadrid España : Catedra
942 _2ddc
_cBKS
999 _c23728
_d23728